| 000 | 00593nam a22002052 4500 | ||
|---|---|---|---|
| 001 | 0000000436 | ||
| 005 | 20151217151749.0 | ||
| 008 | 070201s xx 000 0 eng d | ||
| 020 | _cKES 200 | ||
| 040 |
_aKABU _cKABU |
||
| 050 | 0 |
_aBP161.2 _b.T46 1992 |
|
| 100 | 1 |
_aThomas, R. W. _@0000148628 |
|
| 245 | 1 | 0 |
_aIslam : _baspects and prospects: a critical analysis / _cR. W. Thomas. |
| 260 |
_aVillach, Austria : _bLight of Life, _c[1992] |
||
| 300 |
_a203 p. ; _c17 cm. |
||
| 650 | 0 |
_aIslam. _@0000038664 |
|
| 908 | _a070201 | ||
| 950 | _@1 | ||
| 999 |
_c4783 _d4783 |
||